000 00953nam a22002417a 4500
005 20240530110514.0
008 160103s2013 ua a g 000 0 ara d
017 _a2012/9263
_bمصر . دار الكتب المصرية
020 _a9789773279755
040 _aEG-CaGPL
082 0 4 _221
_a658.3\
_bع م
100 0 _aعبدالرحمن محمد مجاهد .
245 1 2 _aالموارد المادية و البشرية و نظم المعلومات فى القرى الاوليمبية /
_cعبدالرحمن محمد مجاهد .
250 _aط1.
260 _aالقاهرة :
_bدار الوفاء لدنيا الطباعة و النشر ،
_c2013 .
300 _a415 ص ؛
_c24 سم .
650 0 4 _aادارة الافراد .
650 0 4 _aالالعاب الاولمبية .
650 0 4 _aالقرى الرياضية .
650 0 4 _aنظم المعلومات .
942 _2ddc
_cBK
999 _c61743
_d61743